The international covenant on economic, social, and cultural rights : (Record no. 60412)
[ view plain ]
| 000 -LEADER | |
|---|---|
| fixed length control field | 01329cac a2200337 i 4500 |
| 003 - CONTROL NUMBER IDENTIFIER | |
| control field | EG-GICUC |
| 005 - DATE AND TIME OF LATEST TRANSACTION | |
| control field | 20260203080333.0 |
| 008 - FIXED-LENGTH DATA ELEMENTS--GENERAL INFORMATION | |
| fixed length control field | 941125s1995 enk frb 001 0 eng d |
| 020 ## - INTERNATIONAL STANDARD BOOK NUMBER | |
| International Standard Book Number | 0198258747 |
| Qualifying information | cloth : acid-free paper |
| 020 ## - INTERNATIONAL STANDARD BOOK NUMBER | |
| International Standard Book Number | 9780198258742 |
| Qualifying information | (cloth : acid-free paper) |
| 040 ## - CATALOGING SOURCE | |
| Original cataloging agency | DLC |
| Transcribing agency | DLC |
| Modifying agency | DLC |
| -- | EG-GICUC |
| Language of cataloging | eng |
| Description conventions | rda |
| 050 00 - LIBRARY OF CONGRESS CALL NUMBER | |
| Classification number | K3238.31966 |
| Item number | .C73 1995 |
| 082 00 - DEWEY DECIMAL CLASSIFICATION NUMBER | |
| Classification number | 341.48 |
| Edition number | 21 |
| 092 04 - LOCALLY ASSIGNED DEWEY CALL NUMBER (OCLC) | |
| Edition number | 21 |
| 099 ## - LOCAL FREE-TEXT CALL NUMBER (OCLC) | |
| Classification number | Law 11 1995 |
| 100 1# - MAIN ENTRY--PERSONAL NAME | |
| Personal name | Craven, Matthew C. R. |
| 245 14 - TITLE STATEMENT | |
| Title | The international covenant on economic, social, and cultural rights : |
| Remainder of title | a perspective on its development / |
| Statement of responsibility, etc. | Matthew C.R. Craven. |
| 264 ## - PRODUCTION, PUBLICATION, DISTRIBUTION, MANUFACTURE, AND COPYRIGHT NOTICE | |
| Place of production, publication, distribution, manufacture | Oxford : |
| -- | New York : |
| Name of producer, publisher, distributor, manufacturer | Clarendon Press ; |
| -- | Oxford University Press, |
| Date of production, publication, distribution, manufacture, or copyright notice | 1995. |
| 300 ## - PHYSICAL DESCRIPTION | |
| Extent | xxix, 413 pages ; |
| Dimensions | 25 cm. |
| 336 ## - CONTENT TYPE | |
| Content type term | text |
| Source | rdacontent |
| 337 ## - MEDIA TYPE | |
| Media type term | Computer |
| Source | rdamedia |
| 338 ## - CARRIER TYPE | |
| Carrier type term | Online Resource |
| Source | rdacarrier |
| 440 #0 - SERIES STATEMENT/ADDED ENTRY--TITLE | |
| Title | Oxford monographs in international law |
| 504 ## - BIBLIOGRAPHY, ETC. NOTE | |
| Bibliography, etc. note | Includes bibliographical references (p. [384]-406) and index. |
| 630 00 - SUBJECT ADDED ENTRY--UNIFORM TITLE | |
| Uniform title | International Covenant on Economic, Social, and Cultural Rights |
| Date of treaty signing | (1966) |
| 650 #0 - SUBJECT ADDED ENTRY--TOPICAL TERM | |
| Topical term or geographic name entry element | Human rights. |
| 856 42 - ELECTRONIC LOCATION AND ACCESS | |
| Uniform Resource Identifier | <a href="https://fll.law.cu.edu.eg/fulltext/bks/ENGB11-00109.pdf">https://fll.law.cu.edu.eg/fulltext/bks/ENGB11-00109.pdf</a> |
| 856 42 - ELECTRONIC LOCATION AND ACCESS | |
| Materials specified | Publisher description |
| Uniform Resource Identifier | <a href="http://www.loc.gov/catdir/enhancements/fy0637/94046610-d.html">http://www.loc.gov/catdir/enhancements/fy0637/94046610-d.html</a> |
| 905 ## - Cataloger and Reviser Names | |
| Cataloger Name: | Hend El khosy |
| 942 ## - ADDED ENTRY ELEMENTS (KOHA) | |
| Source of classification or shelving scheme | Dewey Decimal Classification |
| Koha item type | Books |
| Edition | 21 |
| Suppress in OPAC | No |
| Withdrawn status | Lost status | Source of classification or shelving scheme | Damaged status | Not for loan | Collection | Home library | Current library | Date acquired | Total checkouts | Full call number | Barcode | Date last seen | Copy number | Price effective from | Koha item type | Public note |
|---|---|---|---|---|---|---|---|---|---|---|---|---|---|---|---|---|
| Dewey Decimal Classification | القانون الدولي العام | جــــامعة القــاهرة | مكتبة كلية الحقوق - فـرع الشيخ زايد | 03.02.2026 | Law2 11 341.48 CR . I 1995 1100109 C1 | ENGB11-00109 | 03.02.2026 | 1 | 03.02.2026 | Books | 1669 |